000 00228 a2200097 4500
001 6466
100 _aBuckingham, A D
245 _aLaws and Applications of Thermodynamics, The.
260 _a
_bpergamon
_c
090 _c5324
_d5324
942 _aNUST-CAE
_cM
_c31739
999 _c241539
_d241539